Estimating the dynamics of weak efficiency on the Prague Stock Exchange using the Kalman filter
Guardado en:
| Autor principal: | |
|---|---|
| Formato: | Capítulo de libro |
| Lenguaje: | inglés |
| Materias: | |
| Etiquetas: |
Sin Etiquetas, Sea el primero en etiquetar este registro!
|
MARC
| LEADER | 00000naa$a2200000$$$4500 | ||
|---|---|---|---|
| 001 | 0092531 | ||
| 005 | 20231010112241.2 | ||
| 041 | 0 | |a eng | |
| 044 | |a CZ | ||
| 245 | 1 | 0 | |a Estimating the dynamics of weak efficiency on the Prague Stock Exchange using the Kalman filter |c Vít Pošta |
| 610 | 2 | 0 | |a burzy |
| 610 | 2 | 0 | |a Česko |
| 610 | 2 | 0 | |a modely |
| 100 | 1 | |a Pošta, Vít | |